The Effects of the COVID-19 Pandemic on Youth Unemployment in EU27

Nezamestnanosť mladých ľudí je problém s vážnymi následkami. Mladí ľudia tak prichádzajú o príležitosti na získanie pracovných skúseností a rozvoj odborných zručností. Cieľom príspevku bude analyzovať a porovnať vývoj nezamestnanosti mladých ľudí vo veku 15 až 29 rokov v členských krajinách EÚ so za...

Description complète

Enregistré dans:
Détails bibliographiques
Auteur principal: Gontkovičová, Barbora, 1986-
Autres auteurs: Duľová Spišáková, Emília, 1983-, Hvastová, Jozefína, 1969-
Format: Chapitre de livre
Langue:anglais
Sujets:
Tags: Ajouter un tag
Pas de tags, Soyez le premier à ajouter un tag!

MARC

LEADER 00000naa$a2200000$$$4500
001 0298285
005 20240502074522.8
041 0 |a eng 
044 |a SK 
245 1 0 |a The Effects of the COVID-19 Pandemic on Youth Unemployment in EU27  |c Barbora Gontkovičová, Emília Duľová Spišáková, Jozefína Hvastová 
520 |a Nezamestnanosť mladých ľudí je problém s vážnymi následkami. Mladí ľudia tak prichádzajú o príležitosti na získanie pracovných skúseností a rozvoj odborných zručností. Cieľom príspevku bude analyzovať a porovnať vývoj nezamestnanosti mladých ľudí vo veku 15 až 29 rokov v členských krajinách EÚ so zameraním aj na nezamestnaných podľa dosiahnutého vzdelania s dôrazom na dopady COVID- 19 pandémie v sledovanej oblasti. Ako doplnkový ukazovateľ poslúži počet voľných pracovných miest pripadajúci na jedného mladého nezamestnaného. 
610 2 0 |a miesta pracovné voľné 
610 2 0 |a nezamestnanosť 
610 2 0 |a vzdelanie 
610 2 0 |a koronavírus 
610 2 0 |a Európska únia 
100 1 |a Gontkovičová, Barbora, 1986- 
700 1 |a Duľová Spišáková, Emília, 1983- 
700 1 |a Hvastová, Jozefína, 1969-